[Event "37th Zalakaros Festival 2018"]
[Site "Zalakaros"]
[Date "2018.05.31"]
[Round "7"]
[White "Astaneh Lopez, Alex"]
[Black "Peczely, Sebastian Zsombor"]
[Result "1/2-1/2"]
[WhiteElo "2446"]
[BlackElo "2244"]
[Annotator "TA"]
[PlyCount "72"]
[EventDate "2018.??.??"]
[EventType "swiss"]
[EventCountry "HUN"]
[SourceTitle "playchess.com"]
[Source "ChessBase"]
[SourceQuality "1"]

{[%evp 13,72,-5,1,-10,-16,-22,14,10,17,0,-8,-25,0,-17,0,-13,18,12,0,0,35,31,47,32,47,22,41,37,63,42,59,0,30,0,0,0,0,0,0,0,0,-75,-68,-56,-75,-75,-75,-41,-27,-139,-56,-54,0,0,0,-66,-15,-15,-15,-15,-15]} 1. Nf3 d5 2. b3 c6 3. Bb2 Nf6 4. c4 Bg4 5. e3 e6 6. h3 {A12: English Opening: 1...c6 with b3 by White} (6. Be2 Nbd7 7. O-O Bd6 8. h3 Bh5 9. d4 Ne4 10. Nbd2 Nxd2 11. Nxd2 Bxe2 12. Qxe2 O-O 13. e4 dxe4 14. Nxe4 Be7 15. Rad1 Nf6 16. Nd2 Qa5 17. a3 {0-1 (126) Vachier Lagrave,M (2789)-Aronian,L (2805) Riadh 2017}) 6... Bh5 7. d3 Nbd7 {LiveBook: 5 Games} 8. cxd5 exd5 $146 ({Predecessor:} 8... cxd5 9. Be2 Qa5+ 10. Nbd2 Ba3 11. Qc1 Bxb2 12. Qxb2 O-O 13. O-O Rfc8 {½-½ (38) Szirmai,E (2120)-Dudas,J (2338) Budapest 2000}) 9. Nbd2 Bg6 10. Nh4 Bd6 11. Nxg6 hxg6 12. Be2 Qe7 13. a3 a5 14. O-O O-O 15. Re1 Rfe8 16. Qc2 c5 17. Bf1 Bc7 18. g3 Rac8 19. Bg2 b5 20. a4 b4 21. Rac1 Be5 22. e4 (22. d4 $14 Bd6 23. Qd3) 22... dxe4 (22... Bxb2 {keeps more tension.} 23. Qxb2 dxe4 24. Nc4 Ne5 25. Qxe5 Qxe5 26. Nxe5 Rxe5 27. Rc4 Rd8) 23. Nc4 (23. d4 {seems wilder.} cxd4 24. Qxc8 e3 25. Qc2 d3 26. Qxd3 Bxb2 27. Rxe3 Ne5 28. Rxe5 Qxe5 29. Rd1) 23... Bxb2 24. Qxb2 Ne5 25. Nxe5 Qxe5 26. Qxe5 Rxe5 27. dxe4 {[#]} (27. Rc4 $11) 27... c4 $1 $17 28. Rxc4 Rxc4 29. bxc4 $15 {[%mdl 4096] Endgame KRB-KRN} Nd7 30. f4 Rc5 31. Bf1 {[#]} (31. Rd1 $11 Nb6 32. e5) 31... Nb6 (31... Rc8 $1 $17 32. c5 Nxc5) 32. Ra1 Nxc4 (32... f6 $15) 33. Rc1 $11 b3 34. Bxc4 (34. e5 $11) 34... b2 (34... Kh7 $1 $15 35. Rb1 Rxc4 36. Rxb3 Rxe4) 35. Rb1 {And now Ba2 would win.} Rxc4 36. Rxb2 Rxe4 {Precision: White = 44%, Black = 32%.} 1/2-1/2

[Event "37th Zalakaros Festival 2018"]
[Site "Zalakaros"]
[Date "2018.05.31"]
[Round "7"]
[White "Chakravarthi Reddy, M."]
[Black "Hardicsay, Peter"]
[Result "1-0"]
[WhiteElo "2443"]
[BlackElo "2211"]
[Annotator "TA"]
[PlyCount "83"]
[EventDate "2018.??.??"]
[EventType "swiss"]
[EventCountry "HUN"]
[SourceTitle "playchess.com"]
[Source "ChessBase"]
[SourceQuality "1"]

{[%evp 17,83,16,18,23,42,31,26,0,45,6,37,12,11,13,16,0,0,9,18,17,50,50,51,50,67,36,44,9,54,0,50,0,52,25,30,14,66,25,64,54,93,84,133,113,133,160,169,176,220,217,208,135,280,287,286,278,317,336,312,287,319,313,291,232,451,455,613,602]} 1. d4 Nf6 2. c4 g6 3. Nf3 Bg7 4. g3 O-O 5. Bg2 d6 6. O-O Nc6 7. Nc3 a6 8. d5 Na5 9. b3 Bd7 {LiveBook: 8 Games. E63: King's Indian: Fianchetto: Panno Variation with 7...a6} 10. Bd2 c5 $146 ({Predecessor:} 10... b5 11. cxb5 axb5 12. Nd4 b4 13. Ncb5 Qb8 14. a4 bxa3 15. Nxa3 Ng4 16. Nac2 Qb6 17. e3 {½-½ (41) Harikrishna,P (2733)-Ivanchuk,V (2733) Edmonton 2015}) 11. dxc6 Nxc6 {White is slightly better.} 12. Re1 Rb8 13. a4 b6 14. e4 Bg4 15. h3 Bxf3 16. Bxf3 Nd7 17. Bg2 Nc5 18. Rb1 a5 19. Nb5 Qd7 20. Be3 Rbd8 21. f4 Na7 22. Na3 Qc8 23. Re2 ({White should play} 23. g4 $14) 23... Kh8 24. Bf2 h6 (24... e5 $11) 25. g4 Nc6 26. Nb5 Nb4 (26... Bf6 $11) 27. Be3 Kh7 28. Qe1 e6 29. Rd2 d5 30. cxd5 exd5 31. exd5 {[%cal Be4d5,Bd5d6][%mdl 32]} Rfe8 {Black wants to play ...Ncd3.} 32. Qg3 Ne4 33. Bxe4 $1 Rxe4 34. Rbd1 Qb7 (34... Bc3 $16 35. Nxc3 Qxc3) 35. d6 $18 Rd7 36. Qf2 f5 37. gxf5 ({Weaker is} 37. Bxb6 fxg4 38. hxg4 g5 $16) 37... gxf5 38. Bxb6 Bf6 {[#] aiming for ...Rg7+.} 39. Kh2 ({Don't play} 39. Bxa5 Qa8 $18) 39... Nc6 40. Be3 Qb8 $2 (40... Ne5 41. fxe5 Bxe5+ 42. Kg1 Rg7+ 43. Kf1 f4) 41. Rc1 Nb4 42. Bd4 {Precision: White = 48%, Black = 31%.} 1-0

[Event "37th Zalakaros Festival 2018"]
[Site "Zalakaros"]
[Date "2018.05.31"]
[Round "7"]
[White "Czebe, Attila"]
[Black "Szalanczy, Emil"]
[Result "1-0"]
[WhiteElo "2422"]
[BlackElo "2233"]
[Annotator "TA"]
[PlyCount "73"]
[EventDate "2018.??.??"]
[EventType "swiss"]
[EventCountry "HUN"]
[SourceTitle "playchess.com"]
[Source "ChessBase"]
[SourceQuality "1"]

{[%evp 9,73,0,2,-6,-6,-12,-9,-10,-7,-25,-18,-31,0,0,0,-4,6,4,8,-85,-79,-79,-77,-70,28,30,39,37,32,42,68,50,68,28,39,34,46,41,95,93,99,88,129,135,131,82,85,81,134,112,312,315,302,256,256,237,406,403,397,391,343,339,1140,1145,1068,1007]} 1. d4 Nf6 2. Nc3 d5 3. Bf4 Bf5 4. e3 c6 5. Be2 (5. Nf3 h6 6. Ne5 Nbd7 7. g4 Bh7 8. h4 Nxe5 9. dxe5 Ne4 10. Nxe4 Bxe4 11. f3 Bh7 12. e6 {1-0 (57) Bortnyk,O (2610)-Dreev,A (2653) Riadh 2017}) 5... e6 6. h4 $146 {[#] g4 is the strong threat. D00: 1 d4 d5: Unusual lines} ({Predecessor:} 6. g4 Bg6 7. g5 Ne4 8. Nxe4 Bxe4 9. Bf3 Bd6 10. Bxe4 {½-½ (10) Fries Nielsen,J (2384)-Stefansson,H (2548) Ballerup 2014}) 6... h5 7. Nf3 Nbd7 8. Ng5 {The position is equal.} Bb4 9. O-O Nf8 10. Bg3 Bd6 11. Bxd6 Qxd6 12. g3 Ng6 13. Bd3 Ne7 (13... Rc8 {with more complications.} 14. Bxf5 exf5 15. b3 Ne4 16. Ngxe4 fxe4 17. a4 Ne7) 14. e4 (14. Ne2 $11) 14... dxe4 $17 15. Ncxe4 Nxe4 16. Bxe4 Bxe4 (16... f6 $15 17. Bxf5 fxg5) 17. Nxe4 $11 Qd5 18. Re1 Rd8 19. c3 Rh6 20. Ng5 Rd7 21. Re5 (21. Qa4 {seems wilder.} b6 22. Qd1 Rd8 23. a4 a5 24. Qf3) 21... Qxe5 $1 22. dxe5 Rxd1+ 23. Rxd1 {[%mdl 4096] Endgame KRN-KRN} Nf5 ({Black should try} 23... Ng6 $14) 24. Ne4 Rg6 25. Kh2 Rg4 26. Re1 b6 27. Kh3 Rg6 28. a4 {[%cal Ba2a4,Ba4a5][%mdl 32]} Nh6 (28... f6 $142) 29. a5 b5 $2 {[#]} (29... Ng4 $16) 30. Rd1 $18 Ng4 31. f4 f5 32. exf6 Nxf6 $2 (32... gxf6 33. Rd6 f5) 33. Nxf6+ Rxf6 34. Rd6 c5 35. Ra6 e5 $2 (35... Rf7 36. Rxe6+ Kd7) 36. Rxf6 gxf6 37. fxe5 {Precision: White = 67%, Black = 39%.} 1-0

[Event "37th Zalakaros Festival 2018"]
[Site "Zalakaros"]
[Date "2018.05.31"]
[Round "7"]
[White "Meszaros, Tamas"]
[Black "Veleski, Robert"]
[Result "1-0"]
[WhiteElo "2407"]
[BlackElo "2225"]
[Annotator "TA"]
[PlyCount "158"]
[EventDate "2018.??.??"]
[EventType "swiss"]
[EventCountry "HUN"]
[SourceTitle "playchess.com"]
[Source "ChessBase"]
[SourceQuality "1"]

{[%evp 24,158,50,40,34,37,69,66,75,71,75,58,87,72,72,72,67,67,75,32,94,0,64,31,33,38,46,46,9,0,60,0,0,0,0,0,0,0,0,0,0,0,0,0,0,0,199,187,154,160,300,289,347,185,142,90,83,87,88,82,99,88,252,252,252,252,252,252,613,596,543,462,655,604,658,641,683,685,917,701,659,0,773,0,638,636,693,680,935,852,640,459,420,402,577,492,654,671,768,769,1485,1356,831,606,602,0,1435,1481,1372,1285,1718,1268,1110,697,1462,1162,2060,1665,1770,696,29964,29965,29977,29978,29978,29979,29979,29980,29980,29981,29981,29982,29982,29983,29982,29983,29984]} 1. e4 e5 2. Nf3 Nc6 3. Bb5 a6 4. Ba4 Nf6 5. O-O Be7 6. Re1 b5 7. Bb3 d6 8. c3 O-O 9. d4 Bg4 10. d5 Na5 11. Bc2 c5 12. h3 Bc8 13. Nbd2 {LiveBook: 62 Games} Re8 {C96: Closed Ruy Lopez: Chigorin Defence: 11 d4, replies other than 11...Qc7} 14. Nf1 Bf8 15. b3 g6 {White is slightly better.} 16. Bg5 h6 17. Be3 Kh7 $146 ({Predecessor:} 17... Nh7 18. Qd2 h5 {½-½ (18) Velimirovic,D (2525)-Gligoric,S (2485) Kladovo 1990}) 18. g4 Bg7 19. Ng3 Bd7 20. Kg2 Qc7 21. Nh4 Rf8 (21... c4 $14) 22. Qf3 (22. Qd2 $16) 22... Ng8 (22... Qd8 $11) 23. Rh1 Qd8 24. Nhf5 gxf5 25. exf5 {Strongly threatening f6+.} f6 26. g5 Ne7 ({Black should try} 26... hxg5 $11 27. h4 g4 $1 {[%mdl 512]} 28. Qxg4 Ne7 29. Qh5+ Kg8) 27. Qh5 (27. g6+ $1 $14 Kh8 28. Qh5) 27... Nxd5 $11 28. g6+ ({Don't blunder} 28. Qg6+ $2 Kh8 $19) 28... Kg8 29. Bxh6 Bxh6 ({Worse is} 29... Nxc3 30. Bxg7 Bc6+ 31. Kh2 Bxh1 32. Qh8#) 30. Qxh6 $40 {[%csl Gg6][%cal Rh6h7][%mdl 128] White attacks.} Nf4+ 31. Kh2 {[%csl Gg6][%cal Rh6h7]} Qe7 {White must now prevent ...Qg7.} 32. Nh5 Nxh5 33. Qxh5 Qg7 $1 {aiming for ...Bc6.} 34. Rhd1 Rfd8 $2 (34... Bc6 $11 {and Black has nothing to worry.}) 35. Rxd6 $18 Be8 36. Rad1 $1 Rxd6 (36... Nc6 $16 {might work better.}) 37. Rxd6 Nb7 38. Rb6 (38. Re6 $142) 38... Rd8 39. Qh7+ ({White should play} 39. Be4 Nd6 40. Bd5+ Kf8 41. Rxa6) 39... Qxh7 $16 40. gxh7+ Kxh7 {Threatens to win with ...Nd6.} 41. Rxb7+ {[%mdl 4096] Endgame KRB-KRB} Kh6 42. Be4 b4 $2 (42... Rd2 $16) 43. cxb4 $18 Rd4 {[#]} 44. f3 $1 ({Stronger than} 44. bxc5 Rxe4 45. Rb6 Kg5 $17) 44... cxb4 {[#]} 45. Rb6 $1 a5 $2 (45... Kg7 46. Rxa6 Bh5) 46. Rxf6+ Kg7 47. Re6 Kf7 (47... Bf7 $142) 48. Rxe5 Rd2+ 49. Kg3 Rxa2 {[#]} 50. f6 $1 Kf8 (50... Kxf6 51. Rxe8) 51. Rc5 Kf7 52. Re5 Kf8 $1 53. Rc5 Kf7 $1 54. Rf5 Ke6 55. Kf4 Rd2 56. Re5+ Kf7 57. Rxa5 Kxf6 58. Ra6+ Kg7 (58... Ke7 {was necessary.} 59. Rb6 Bd7) 59. Rb6 Bd7 60. h4 Kf8 61. Rxb4 Rh2 62. Kg5 Ke7 63. Bf5 Bc6 64. Be4 Bd7 $1 65. Rb7 Kd6 66. h5 Be8 67. Bg6 Bc6 68. Rf7 Bd5 69. Rf4 Bxb3 70. Kf6 Bd5 71. Kg7 Rb2 72. h6 {[%cal Bh5h6,Bh6h7][%mdl 32] White mates.} Rb7+ 73. Bf7 Ke5 74. Rf6 Bxf7 75. Rxf7 Rb1 76. h7 Rg1+ 77. Kf8 Rh1 78. Kg8 Ke6 79. Rg7 Kd5 {Precision: White = 69%, Black = 36%.} 1-0

[Event "37th Zalakaros Festival 2018"]
[Site "Zalakaros"]
[Date "2018.05.31"]
[Round "7"]
[White "Fancsy, Imre"]
[Black "Czupor, Attila"]
[Result "1/2-1/2"]
[WhiteElo "2388"]
[BlackElo "2209"]
[Annotator "TA"]
[PlyCount "55"]
[EventDate "2018.??.??"]
[EventType "swiss"]
[EventCountry "HUN"]
[SourceTitle "playchess.com"]
[Source "ChessBase"]
[SourceQuality "1"]

{[%evp 16,55,14,17,22,8,66,66,73,72,67,68,81,83,105,53,62,57,87,87,84,78,91,45,80,65,63,64,66,10,28,10,11,1,12,12,14,0,0,0,0,0]} 1. Nf3 d5 2. d4 Nf6 3. c4 c6 4. Qc2 e6 5. g3 Bd6 6. Nbd2 Nbd7 7. Bg2 O-O 8. O-O Re8 9. Re1 {LiveBook: 11 Games} h6 {E01: Catalan: Early deviations} 10. a3 Qc7 $146 ({Better is} 10... a5 $11) ({Predecessor:} 10... a5 11. b3 Qe7 12. Bb2 b6 13. e4 dxe4 14. Nxe4 Nxe4 15. Qxe4 Nf6 16. Qc2 Bb7 17. Ne5 {1-0 (49) Deepan Chakkravarthy,J (2479)-Shrestha,K (2157) Dhaka 2007}) 11. e4 $14 {[#] Threatens to win with e5.} dxe4 {White is slightly better.} 12. Nxe4 Nxe4 13. Qxe4 e5 14. c5 Bf8 15. Nxe5 (15. Bf4 $16) 15... Nxe5 16. Bf4 {[%cal Rf4e5]} ({Don't play} 16. dxe5 Bxc5 17. b4 Bb6 $11) 16... Qd8 17. Bxe5 Be6 18. Qc2 Qd7 19. Qc3 Bd5 20. Bxd5 Qxd5 21. Bf4 g5 22. Be3 (22. Be5 $14) 22... Re7 23. b3 Rd8 {The position is equal.} 24. Qc4 Bg7 25. Qxd5 Rxd5 26. Rad1 Kf8 27. Kg2 Bxd4 28. Bxd4 {Precision: White = 36%, Black = 44%.} 1/2-1/2

[Event "37th Zalakaros Festival 2018"]
[Site "Zalakaros"]
[Date "2018.05.31"]
[Round "7"]
[White "Szeberenyi, Adam"]
[Black "Galyas, Miklos"]
[Result "1/2-1/2"]
[WhiteElo "2372"]
[BlackElo "2508"]
[Annotator "TA"]
[PlyCount "17"]
[EventDate "2018.??.??"]
[EventType "swiss"]
[EventCountry "HUN"]
[SourceTitle "playchess.com"]
[Source "ChessBase"]
[SourceQuality "1"]

{[%evp 16,17,27,0]} 1. d4 d5 2. c4 c6 3. e3 Nf6 4. Nf3 Bf5 5. Nc3 a6 6. Qb3 Ra7 {D15: Slav Defence: 4 Nc3 a6 and gambit lines after 4 Nc3 dxc4} 7. Nh4 Bc8 8. Nf3 $146 ({Predecessor:} 8. Qc2 e6 9. Nf3 Be7 10. e4 dxe4 11. Nxe4 Nbd7 12. Bd3 Nxe4 13. Bxe4 Nf6 14. Bd3 {1-0 (34) Ding,L (2778)-Shankland,S (2671) Liaocheng 2018}) 8... Bf5 9. Nh4 {LiveBook: 42 Games} 1/2-1/2

[Event "37th Zalakaros Festival 2018"]
[Site "Zalakaros"]
[Date "2018.05.31"]
[Round "7"]
[White "Srinath, Rao S V"]
[Black "Vanczak, Tamas"]
[Result "0-1"]
[WhiteElo "2363"]
[BlackElo "2303"]
[Annotator "TA"]
[PlyCount "88"]
[EventDate "2018.??.??"]
[EventType "swiss"]
[EventCountry "HUN"]
[SourceTitle "playchess.com"]
[Source "ChessBase"]
[SourceQuality "1"]

{[%evp 20,88,11,24,21,19,46,14,43,28,68,39,25,16,25,18,26,19,15,23,29,6,5,0,16,-19,-19,-46,-26,-79,-75,-97,-78,-175,-118,-281,-257,-457,-453,-511,-520,-519,-513,-496,-502,-678,-687,-613,-414,-5987,-382,-361,-327,-321,-320,-320,-318,-322,-298,-375,-379,-506,-489,-524,-524,-554,-538,-632,-602,-884,-813]} 1. e4 e5 2. Nf3 Nc6 3. d4 exd4 4. Nxd4 Bc5 5. Be3 Qf6 6. c3 Nge7 7. g3 d6 8. Bg2 Ne5 {C45: Scotch Game} 9. h3 O-O 10. O-O Nc4 11. Bc1 {LiveBook: 6 Games} Bd7 (11... Nc6 12. Ne2 a5 13. a4 Bd7 14. Nf4 Rae8 15. b3 Nb6 16. Ra2 Be6 {1-0 (39) Movsesian,S (2642)-Short,N (2691) Sarajevo 2007}) 12. b3 Ne5 13. Be3 Rad8 14. Nd2 Bb6 15. f4 N5c6 $1 {[%cal Rc6d4]} 16. Nc4 Bxd4 17. cxd4 d5 $146 {[%cal Rd5c4]} 18. exd5 Nb4 19. d6 cxd6 20. d5 {And now Qd2 would win.} b5 21. Na5 Nbxd5 22. Bd4 Qh6 23. Kh2 a6 24. Qf3 (24. Qd2 $11) 24... Nf6 $17 25. Rae1 Nf5 $36 {[%cal Be7f5,Bf5e3,Be3g2][%mdl 2080] Black is in control.} 26. Ba1 (26. Bf2 $17) 26... d5 ({Better is} 26... Rde8 $19 {Threatens to win with ...Ne3!} 27. Bxf6 Qxf6) 27. Re5 $2 (27. Bxf6 $17 Qxf6 28. Nb7) 27... d4 {[#] ...Ne3 is the strong threat.} ({Inferior is} 27... Ne4 28. Rxd5 Nfxg3 29. Rfd1 $11) 28. Rfe1 $2 (28. Kg1) 28... Ne3 $19 29. Bxd4 Nxg2 30. Qxg2 Ng4+ 31. Kg1 Nxe5 32. Rxe5 Bxh3 33. Qe4 Qg6 34. Nc6 (34. Qxg6 $142 hxg6 35. Bc5) 34... Qxe4 $2 {[#]} (34... Qxg3+ 35. Kh1 Bg4) 35. Rxe4 Rde8 36. Ne7+ Kh8 37. Bc5 Bg4 38. a4 Rd8 39. f5 h5 40. Bd4 Rfe8 {Black is clearly winning.} 41. f6 gxf6 42. Bxf6+ Kh7 43. axb5 axb5 44. Re5 Rd6 {Precision: White = 30%, Black = 53%.} 0-1

[Event "37th Zalakaros Festival 2018"]
[Site "Zalakaros"]
[Date "2018.05.31"]
[Round "7"]
[White "Radovanovic, Jovica"]
[Black "Virag, Balint"]
[Result "1-0"]
[WhiteElo "2311"]
[BlackElo "2065"]
[Annotator "NA RC"]
[PlyCount "75"]
[EventDate "2018.??.??"]
[EventType "swiss"]
[EventCountry "HUN"]
[SourceTitle "playchess.com"]
[Source "ChessBase"]
[SourceQuality "1"]
[TimeControl "40/5400+30:1800+30"]

1. d4 {[%emt 0:01:41]} Nf6 {[%emt 0:00:40]} 2. Nf3 {[%emt 0:00:11]} g6 {[%emt 0:00:09]} 3. c4 {[%emt 0:00:09]} Bg7 {[%emt 0:00:10]} 4. Nc3 {[%emt 0:00:52]} d5 {[%emt 0:00:08]} 5. cxd5 {[%emt 0:03:32]} Nxd5 {[%emt 0:00:03]} 6. Bd2 {[%emt 0:01:36]} Bg4 {[%emt 0:02:21]} 7. e4 {[%emt 0:16:41]} Bxf3 {[%emt 0:05:55]} 8. Qxf3 {[%emt 0:14:31]} Nb4 {[%emt 0:04:23]} 9. Rc1 {[%emt 0:09:21]} N8c6 {[%emt 0:01:47]} 10. d5 {[%emt 0:02:23]} Nd4 {[%emt 0:01:31]} 11. Qd1 {[%emt 0:00:05]} a5 {[%emt 0:13:00]} (11... O-O $142) 12. Nb5 {[%emt 0:04:23]} (12. Be3 $16 c5 13. Qa4+ Kf8 14. Bc4) 12... Nxb5 {[%emt 0:03:46]} 13. Bxb5+ {[%emt 0:01:05]} c6 {[%emt 0:06:19]} 14. Bxb4 {[%emt 0:01:37]} cxb5 {[%emt 0:01:18]} 15. Bc3 {[%emt 0:00:06]} Bxc3+ {[%emt 0:00:55]} 16. Rxc3 {[%emt 0:00:11]} O-O {[%emt 0:00:16]} 17. O-O {[%emt 0:05:15]} Qd6 {[%emt 0:04:27]} 18. Qc2 {[%emt 0:06:00]} f5 $11 {[%emt 0:01:24]} 19. Re1 {[%emt 0:03:51]} e5 {[%emt 0:02:45]} 20. exf5 {[%emt 0:13:08]} gxf5 {[%emt 0:01:32]} 21. Qe2 {[%emt 0:02:08]} Qxd5 {[%emt 0:04:35]} 22. Qxe5 {[%emt 0:00:24]} Qxe5 {[%emt 0:00:23]} 23. Rxe5 {[%emt 0:00:01]} b4 {[%emt 0:01:08]} 24. Rg3+ {[%emt 0:03:00]} Kh8 {[%emt 0:00:01]} 25. h4 {[%emt 0:00:16]} f4 {[%emt 0:02:36]} 26. Rg4 {[%emt 0:05:08]} Rfd8 {[%emt 0:01:53]} 27. Rxf4 {[%emt 0:01:48]} Rd1+ {[%emt 0:00:12]} 28. Kh2 {[%emt 0:00:04]} Rd2 {[%emt 0:00:05]} 29. Re7 {[%emt 0:02:55]} Rxb2 {[%emt 0:00:17]} 30. Rff7 {[%emt 0:00:10]} Rxa2 {[%emt 0:00:06]} 31. Rxh7+ {[%emt 0:00:03]} Kg8 {[%emt 0:00:07]} 32. Reg7+ {[%emt 0:00:13]} Kf8 {[%emt 0:00:07]} 33. Rxb7 {[%emt 0:00:04]} Kg8 {[%emt 0:00:07]} 34. Rbg7+ {[%emt 0:00:13]} Kf8 {[%emt 0:00:09]} 35. h5 {[%emt 0:01:36]} Rxf2 {[%emt 0:01:50]} 36. h6 {[%emt 0:00:45]} Ke8 {[%emt 0:00:06]} 37. Rg8+ {[%emt 0:00:28]} Rf8 {[%emt 0:00:06]} 38. Rxf8+ {[%emt 0:00:07] Ra6} 1-0

[Event "37th Zalakaros Festival 2018"]
[Site "Zalakaros"]
[Date "2018.05.31"]
[Round "7"]
[White "Ianov, Viktor"]
[Black "Nemeth, Miklos"]
[Result "1-0"]
[WhiteElo "2285"]
[BlackElo "2491"]
[Annotator "TA"]
[PlyCount "85"]
[EventDate "2018.??.??"]
[EventType "swiss"]
[EventCountry "HUN"]
[SourceTitle "playchess.com"]
[Source "ChessBase"]
[SourceQuality "1"]

{[%evp 29,85,10,8,9,23,16,83,3,26,-11,-15,-96,-93,-83,-20,-18,0,0,0,0,0,0,6,0,214,145,129,149,125,64,111,30,18,2,95,90,98,101,303,312,343,251,233,251,339,356,346,322,912,903,1808,281,270,0,1643,354,1658,1610]} 1. Nf3 f5 2. g3 Nf6 3. Bg2 g6 4. c4 Bg7 5. Nc3 O-O 6. d3 d6 7. Rb1 a5 8. a3 e5 9. O-O h6 10. b4 axb4 11. axb4 Nc6 12. b5 Ne7 13. Bb2 g5 14. Ra1 Rb8 15. Qb3 Be6 16. Nd2 {A26: Englische Eröffnung (Sizilianisch im Anzug)} c6 17. Ra7 d5 $146 (17... g4 $11) ({Vorgänger:} 17... Bf7 18. Rfa1 Re8 19. bxc6 bxc6 20. Rb7 Rxb7 21. Qxb7 Qc8 {1-0 (79) Thiede,L (2440)-Vuckovic,A (2321) Germany 2003}) 18. Ba3 (18. Na4 $16) 18... Rf7 $11 19. Bb4 Nc8 20. cxd5 (20. Raa1 $11 {hält das Gleichgewicht.}) 20... Nxd5 $17 21. Raa1 Nxc3 (21... e4 $17 22. Nxd5 Bxd5) 22. Qxc3 $11 ({Natürlich nicht} 22. Qxe6 Nxe2+ 23. Kh1 Nd4 $17) 22... e4 23. Qa3 $1 Bxa1 24. Qxa1 Ne7 ({Bitte nicht} 24... exd3 25. Qe5 $16) 25. Qe5 Qc8 $1 26. dxe4 {Lxe7 ist eine echte Drohung.} Ra8 $2 (26... f4 $11 {und Schwarz steht sicher.}) 27. exf5 Rxf5 28. Qd6 Rf7 29. bxc6 ({Günstiger ist} 29. Ne4 $16) 29... bxc6 30. Rc1 (30. Ne4 $16) 30... Qd7 31. Qe5 Nd5 (31... Rf5 $11 32. Qd6 Qxd6 33. Bxd6 Kf7) 32. Bc5 $16 Re8 {[#]} 33. Bd4 $1 $40 {[%csl Gd4][%cal Re5h8][%mdl 128] Weiss greift entschieden an.} Kh7 $2 {[#]} (33... Rh7 $16 {war nötig.} 34. Rb1 Bf7) 34. Rxc6 $1 $18 {[%mdl 512]} Nf6 {Weiss muss nun ...Ld5 beachten.} (34... Qxc6 35. Be4+) 35. Qc5 Rc8 36. Nc4 Rxc6 37. Bxc6 Qe7 38. Nd6 Rf8 $2 (38... Kg8 39. Nxf7 Kxf7) 39. Qe5 Rd8 40. Nf5 $2 (40. Be4+ Kh8 41. Nf5) 40... Qf7 41. Nd6 $2 ({Nicht} 41. Qxf6 Qxf6 42. Bxf6 Rd1+ 43. Kg2 Bxf5 $14) (41. Ne3) 41... Qe7 42. Bc5 $2 (42. Be4+ Kh8 43. Nf5) 42... Kg8 $2 (42... Rxd6 43. Bxd6 Qf7) 43. Nf5 {Precision: Weiß = 36%, Schwarz = 34%.} 1-0

[Event "37th Zalakaros Festival 2018"]
[Site "Zalakaros"]
[Date "2018.05.31"]
[Round "7"]
[White "Marosi, Levente"]
[Black "Tompa, Janos"]
[Result "1-0"]
[WhiteElo "2277"]
[BlackElo "2372"]
[Annotator "NA RC"]
[PlyCount "45"]
[EventDate "2018.??.??"]
[EventType "swiss"]
[EventCountry "HUN"]
[SourceTitle "playchess.com"]
[Source "ChessBase"]
[SourceQuality "1"]
[TimeControl "40/5400+30:1800+30"]

1. e4 {[%emt 0:00:03]} c5 {[%emt 0:00:52]} 2. Nf3 {[%emt 0:00:13]} e6 {[%emt 0:00:23]} 3. d4 {[%emt 0:00:13]} cxd4 {[%emt 0:00:07]} 4. Nxd4 {[%emt 0:00:05]} Nc6 {[%emt 0:00:17]} 5. Nc3 {[%emt 0:00:22]} Qc7 {[%emt 0:00:54]} 6. Be3 {[%emt 0:00:28]} a6 {[%emt 0:01:13]} 7. Qf3 {[%emt 0:01:18]} Nf6 {[%emt 0:02:31]} 8. O-O-O {[%emt 0:04:59]} b5 {[%emt 0:02:57]} 9. e5 {[%emt 0:11:19]} b4 {[%emt 0:34:23]} 10. exf6 {[%emt 0:13:10]} bxc3 {[%emt 0:00:27]} 11. Bf4 {[%emt 0:11:19]} ({White should play} 11. Nxc6 $14 cxb2+ 12. Kxb2 Qxc6 13. Qxc6 dxc6 14. Bd4) 11... cxb2+ {[%emt 0:02:08]} 12. Kb1 {[%emt 0:00:33]} Nxd4 {[%emt 0:04:59]} 13. Rxd4 $11 {[%emt 0:00:30]} Qb7 {[%emt 0:00:06]} 14. Qc3 {[%emt 0:10:54]} gxf6 {[%emt 0:06:06]} 15. Rc4 {[%emt 0:03:35]} Be7 {[%emt 0:05:55]} 16. Be2 {[%emt 0:10:33]} Bd8 {[%emt 0:09:47]} 17. Bd6 {[%emt 0:03:33]} Qb6 {[%emt 0:02:36]} 18. Bf3 {[%emt 0:02:42]} Bb7 {[%emt 0:01:16]} 19. Bc5 {[%emt 0:00:29]} Qc7 {[%emt 0:12:51]} 20. Bd4 {[%emt 0:00:28]} Qb8 {[%emt 0:01:41]} 21. Rb4 {[%emt 0:02:27]} Ba5 {[%emt 0:01:16]} 22. Bxb7 {[%emt 0:00:51]} e5 {[%emt 0:01:05]} 23. Re1 {[%emt 0:07:03]} 1-0